000 004840000a22001930004500
999 _c48499
_d48499
001 1330
003 CO-MdFUSB
005 20171115170905.0
008 171115b xxu||||| |||| 00| 0 eng d
020 _a84-8280-399-9
040 _cCO-MdBIC
082 0 4 _a861P B232l
100 1 _aBarba-Jacob, Porfirio
245 1 0 _aCanción de la vida profunda / Porfirio Barba-Jacob
260 _aBogotá : Oveja Negra
300 _a117 P.
650 1 4 _aLITERATURA COLOMBIANA
942 _cLGB